1350 1160 1939 1239 1317 1937 1310 1999 1708 1646 1525 1324 1753 1021 1094 1551 1034 1932 1305 1762 1099 1976 1217 1029 1235 1967 1490 1921 1565 1020 1906 1104 1282 1914 1208 1209 1374 1717 1159 1516 1422 1155 1774 1155 1018 2000 1747 1864 1141 1617 1453 1656 1010 1419 1119 1564 1418 1454 1797 1531 1785 1740 1634 1562 1381 1124 1004 1663 1153 1184 1016 1815 1469 1626 1879 1081 1687 1195 1424 1096 1936 1641 1001 1956 1384 1428 1889 1835 1511 1625 1617 1052 1527 1626 1005 1758 1944 1882 1702 BCNSPRNW ULIB Ver.6.0+V

เปลี่ยนเป็นภาษาไทย

Change to English
 แสดงรายละเอียดบรรณานุกรม
  กลับหน้าหลัก

Brief Record : Get Marc (ISO 2709) : E-mail record : QR code < ปิดหน้าต่าง
LEADER : 00000nam 2200000uu 4500
001    13399124620
003     ULIB
008    151022s2558||||th 000 0 tha d
020    ^a9786163828767
060 04 ^aW3^bก482ก
111 2  ^aการประชุมวิชาการเฉลิมพระเกียรติสมเด็จพระเทพรัตนราชสุดาฯ สยามบรมราชกุมารี ในโอกาสฉลองพระชนมายุ 5 รอบ 2 เมษายน 2558^d(2558 :^cกรุงเทพฯ)
245 10 ^aการประชุมวิชาการเฉลิมพระเกียรติสมเด็จพระเทพรัตนราชสุดาฯ สยามบรมราชกุมารี ในโอกาสฉลองพระชนมายุ 5 รอบ 2 เมษายน 2558 :^bการประชุมวิชาการร่วมคณะแพทยศาสตร์สามสถาบัน พ.ศ. 2558 : จุฬาฯ-รามาฯ-ศิริราช บทความเรื่องความเสมอภาคทางสุขภาพ ; วันที่ 4-6 มิถุนายน2558 ณ โรงแรมเซ็นทาราแกรนด์และบางกอกคอนเวนชั่นเซ็นเตอร์ เซ็นทรัลเวิลด์ กรุงเทพมหานคร /^cจัดโดย คณะแพทยศาสตร์สามสถาบัน :
246 30 ^aการประชุมวิชาการร่วมคณะแพทยศาสตร์สามสถาบัน พ.ศ. 2558 : จุฬาฯ-รามาฯ-ศิริราช
246 30 ^aบทความเรื่องความเสมอภาคทางสุขภาพ
246 30 ^aความเสมอภาคทางสุขภาพ
246 30 ^aผลการประกวดบทความ กิจกรรมภาคประชาชน งานประชุมวิชาการร่วมคณะแพทยศาสตร์สามสถาบัน : จุฬาฯ-รามาฯ-ศิริราช
246 31 ^aJoint Conference in Medical Sciences 2015
246 31 ^aJCMS 2015
260    ^a[กรุงเทพฯ] :^bบียอนด์ เอ็นเทอร์ไพรซ์,^c2558
300    ^a176 หน้า ;^c21 ซม.
650  2 ^aPublic Health^vcongresses
650  2 ^aEthics, Medical^vcongresses
650  2 ^aMedicine^vcongresses
650  2 ^aHealth Services^zThailand^vcongresses
650  4 ^aการแพทย์^vการประชุม
650  4 ^aการแพทย์^xแง่สังคม^vการประชุม
650  4 ^aบริการสุขภาพ^vการประชุม
650  4 ^aสาธารณสุข, การบริการ^vการประชุม
650  4 ^aจริยธรรม^xแง่การแพทย์^vการประชุม
710 2  ^aจุฬาลงกรณ์มหาวิทยาลัย.^bคณะแพทยศาสตร์
710 2  ^aมหาวิทยาลัยมหิดล.^bคณะแพทยศาสตร์โรงพยาบาลรามาธิบดี
710 2  ^aมหาวิทยาลัยมหิดล.^bคณะแพทยศาสตร์ศิริราชพยาบาล
945    ^p0^l0^i000153
945    ^p0^l0^i000154
999    ^aเกษร โพธิ์สุวรรณ
รายการนี้ยังไม่มีแท็ก
คุณยังไม่ได้ล็อกอิน คุณสามารถมีกิจกรรมร่วมกับเว็บไซต์ได้ แต่ต้องล็อกอินก่อน ::
  ล็อกอิน

รายการสื่อสารสนเทศ

ลำดับที่ ประเภท เลขเรียก/บาร์โค้ด สถานที่ สถานะ
1. วิทยาศาสตร์การแพทย์ และสุขภาพ
วิทยาศาสตร์การแพทย์ และสุขภาพ
สถานะ=หนังสือเก่า
W3 ก482ก ฉ.1 
  Barcode: 000153
ห้องสมุดวิทยาเขตสวรรค์ประชารักษ์
►ส่วนจัดเก็บหนังสือเก่า สปร
บนชั้น
  ขอยืม
2. วิทยาศาสตร์การแพทย์ และสุขภาพ
วิทยาศาสตร์การแพทย์ และสุขภาพ
สถานะ=หนังสือเก่า
W3 ก482ก ฉ.2 
  Barcode: 000154
ห้องสมุดวิทยาเขตสวรรค์ประชารักษ์
►ส่วนจัดเก็บหนังสือเก่า สปร
บนชั้น
  ขอยืม

BibComment


ยังไม่เคยถูกคอมเมนท์

คอมเมนท์ทรัพยากรรายการนี้
  คอมเมนท์: การประชุมวิชาการ..


 Copyright 2026. Bcnsprnw @Library